| 000 | 00479cam a2200193ua 4500 | ||
|---|---|---|---|
| 001 | 1914 | ||
| 008 | 110811n ii |||gr||||Z||||||eng | ||
| 020 | _a81-7040-400-2 | ||
| 040 | _cMAIN | ||
| 082 | _a370 | ||
| 100 | _aHeggade, Odeyar D., | ||
| 245 | 1 |
_aEconomics of education _cby Odeyar D. Heggade |
|
| 250 | _a1st. | ||
| 260 |
_aBombay: _bHimalaya publishing house,992. |
||
| 300 |
_a323p: _c23cm. |
||
| 653 | _aEducation | ||
| 653 | _aEconomics of education | ||
| 942 | _cBK | ||
| 999 |
_c1789 _d1789 |
||